Language Basics: Swedish Quiz Stats

 Plays Quiz Updated Apr 6, 2015

Challenge
Share
Tweet
Embed
Score 0/56 Timer 08:00
0 Plays Today
English Swedish % Correct
YesJa
86.7%
Swedish (Language)svenska
81.4%
HiHej
79.3%
Threetre
76.2%
Sixsex
75.5%
NoNej
75.2%
Fivefem
73.4%
Oneett
72.9%
ThanksTack
72.4%
Twotvå
72.2%
Blueblå
70.4%
Fourfyra
69.5%
Redröd
69.3%
Ninenio
68.1%
JulyJuli
68.1%
AprilApril
68%
Tentio
67.9%
Sevensju
67.9%
SundaySöndag
67.6%
JuneJuni
67.4%
Wherevar
67.2%
Greengrön
66.9%
Goodbra
66.5%
Eightåtta
66.4%
NovemberNovember
65.9%
DecemberDecember
65.6%
SeptemberSeptember
65.5%
Whitevit
65%
English Swedish % Correct
MarchMars
64.6%
FridayFredag
64.5%
ByeHej då
64.4%
Whatvad
64.4%
ThursdayTorsdag
64%
Blacksvart
64%
MondayMåndag
63.9%
JanuaryJanuari
63.9%
FebruaryFebruari
63.4%
My name is…Jag heter… / Mitt namn är...
62.9%
Whovem
62.6%
OctoberOktober
62.5%
TuesdayTisdag
61%
WednesdayOnsdag
60.8%
MayMaj
60.5%
SaturdayLördag
60%
Whyvarför
59%
AugustAugusti
58.2%
Bigstor
55.7%
I don't knowJag vet inte
54.3%
Whennär
54.2%
Sorry!Förlåt!
52.9%
Zeronoll - That's 'zero'!
52.9%
How Are You?Hur står det till?
52.3%
I don't understandJag förstår inte
50.3%
Smallliten
50%
PleaseSnälla
48.7%
Baddålig
45.4%

You're not logged in!

Compare scores with friends on all Sporcle quizzes.
Join for Free
OR
Log In

You Might Also Like...

Show Comments

Extras

Top Quizzes Today


Score Distribution

Your Account Isn't Verified!

In order to create a playlist on Sporcle, you need to verify the email address you used during registration. Go to your Sporcle Settings to finish the process.

Report this User

Report this user for behavior that violates our Community Guidelines.

Details: